000 00417nam a2200145Ia 4500
008 240624s9999 xx 000 0 und d
041 _aeng
082 _a332.64 BEI
100 _aBIELECKI TOMASZ R
245 _aCREDIT RISK FRONTIERS SUBPRIME CRISIS PR
250 _a11
260 _c2011
_ahedging, cva, mbs, ratings and liquidityNew Jersey
_bBloomberg Press
300 _ax, : 754 : p. : cm. ; 26
365 _c
_b27
999 _c17704
_d17704